Statistics for NBA 2K18 All-Time Teams

Click here to take the quiz!

General Stats

  • This quiz has been taken 15,772 times
  • The average score is 81 of 150

Answer Stats

Team Rating Player % Correct
Cavaliers99LeBron James
96%
Bulls99Michael Jordan
93%
Clippers87DeAndre Jordan
92%
Lakers98Shaquille O’Neal
91%
Heat97Dwyane Wade
90%
Lakers97Jerry West
89%
Pelicans88David West
89%
Warriors96Stephen Curry
89%
Thunder/Sonics97Kevin Durant
89%
76ers94Julius Erving
87%
Spurs98Tim Duncan
87%
Cavaliers91Kyrie Irving
87%
76ers97Allen Iverson
86%
Bulls96Scottie Pippen
86%
Lakers98Kobe Bryant
85%
Lakers99Magic Johnson
85%
Bucks99Kareem Abdul-Jabbar
84%
Spurs94Tony Parker
84%
Thunder/Sonics94Russell Westbrook
84%
Clippers92Chris Paul
83%
Celtics98Larry Bird
82%
76ers93Wilt Chamberlain
82%
Mavericks97Dirk Nowitzki
82%
Jazz97Karl Malone
81%
Suns96Steve Nash
80%
Wizards90John Wall
80%
Warriors90Klay Thompson
80%
Timberwolves97Kevin Garnett
79%
Heat88Chris Bosh
79%
Knicks91Carmelo Anthony
78%
Rockets94James Harden
77%
Hawks89Joe Johnson
77%
Jazz97John Stockton
77%
Hornets88Larry Johnson
77%
Nuggets95David Thompson
77%
Spurs96David Robinson
76%
Celtics98Bill Russell
75%
Grizzlies93Marc Gasol
75%
Grizzlies92Pau Gasol
75%
Nets95Jason Kidd
75%
Clippers90Blake Griffin
75%
Raptors85Antonio Davis
74%
Pistons96Isiah Thomas
74%
Pelicans90Baron Davis
74%
Pelicans92Anthony Davis
74%
Raptors95Vince Carter
74%
Bulls93Dennis Rodman
74%
Bucks90Ray Allen
73%
Bulls94Derrick Rose
72%
Rockets98Hakeem Olajuwon
72%
Grizzlies85Tony Allen
71%
Spurs94Kawhi Leonard
70%
Pacers90Jermaine O’Neal
69%
Trail Blazers89Damian Lillard
69%
Celtics94Paul Pierce
69%
Pacers91Paul George
67%
Bucks94Oscar Robertson
66%
Knicks95Patrick Ewing
66%
Timberwolves91Kevin Love
66%
Hornets86Kemba Walker
64%
Heat88Tim Hardaway
64%
Thunder/Sonics94Gary Payton
64%
Magic93Penny Hardaway
64%
Raptors89DeMar DeRozan
63%
Raptors88Kyle Lowry
62%
Magic95Tracy McGrady
62%
Rockets91Clyde Drexler
61%
Magic93Dwight Howard
60%
Heat94Alonzo Mourning
59%
Grizzlies87Mike Conley
57%
Pistons89Ben Wallace
55%
Rockets92Yao Ming
54%
Suns91Amar’e Stoudemire
54%
Celtics95Bob Cousy
52%
Thunder/Sonics89Shawn Kemp
52%
Hawks94Dominique Wilkins
52%
Hawks92Dikembe Mutombo
50%
Pistons93Joe Dumars
46%
Celtics96John Havlicek
45%
Nets88Buck Williams
45%
Kings93Chris Webber
44%
Spurs96George Gervin
43%
Trail Blazers95Bill Walton
41%
Warriors94Chris Mullin
41%
Cavaliers91Mark Price
40%
Knicks95Walt Frazier
38%
Warriors95Rick Barry
37%
Magic86Grant Hill
36%
Hawks95Bob Pettit
36%
Nuggets93Alex English
36%
Nets87Brook Lopez
35%
Jazz95Pete Maravich
35%
Suns90Shawn Marion
34%
Wizards94Wes Unseld
33%
Trail Blazers89LaMarcus Aldridge
33%
Pacers85Mark Jackson
31%
Knicks94Willis Reed
30%
Timberwolves86Andrew Wiggins
30%
Clippers94Bob McAdoo
28%
Bulls93Artis Gilmore
28%
Kings88Peja Stojakovic
28%
Cavaliers88Zydrunas Ilgauskas
27%
Wizards95Elvin Hayes
27%
Hornets88Eddie Jones
25%
Jazz89Mark Eaton
24%
Timberwolves87Sam Cassell
21%
Bucks93Sidney Moncrief
21%
Pacers88Ron Artest
21%
Wizards86Bernard King
20%
Hornets89Glen Rice
19%
Jazz92Adrian Dantley
18%
Kings94Mitch Richmond
18%
Wizards87Earl Monroe
16%
Pacers87Rik Smits
16%
Mavericks82Shawn Bradley
15%
76ers90Hal Greer
14%
Cavaliers89Brad Daugherty
14%
Mavericks88Mark Aguirre
13%
Nuggets90Fat Lever
13%
Pistons93Bob Lanier
13%
Nets90Drazen Petrovic
13%
Mavericks87Derek Harper
13%
Suns89Tom Chambers
12%
Kings94Jerry Lucas
12%
76ers91Billy Cunningham
11%
Mavericks88Rolando Blackman
11%
Knicks89Allan Houston
11%
Grizzlies86Shareef Abdur-Rahim
9%
Timberwolves85Wally Szczerbiak
9%
Hawks91Lou Hudson
8%
Nuggets92Dan Issel
8%
Pelicans89Jamal Mashburn
8%
Clippers86Corey Maggette
7%
Bucks88Bob Dandridge
7%
Suns88Paul Westphal
5%
Trail Blazers87Jerome Kersey
5%

Score Distribution

Percentile by Number Answered

Percent of People with Each Score

Your Score History

You have not taken this quiz